[Event "Euwe Intern 2005/2006"]
[Site "?"]
[Date "2006.03.16"]
[Round "3.3"]
[White "Christophe, Nirav"]
[Black "Witt, Rob"]
[Result "1/2-1/2"]
[WhiteElo "2095"]
[BlackElo "2247"]
[Annotator "Witt"]
[PlyCount "95"]

{Nirav speelt een van zijn huisvariantjes tegen mijn Frans. Al snel ontstaat
een eindspel wat we allebei voor het eerst zagen. Achteraf zag ik tot mijn
verbazing dat het eindspel al heel vaak via zetverwisseling uit het klassieke
Frans (3.Pc3 Pf6) is voorgekomen en niet bij de minste spelers. Zwart lijkt
geen problemen te hebben. Alleen Anand weet tegen verdedigigskunstenaar Bareev
op instructieve wijze te winnen. Die partij geef ik verderop.} 1. e4 e6 2. Nf3
d5 3. Nc3 Nf6 4. e5 Nfd7 5. d4 c5 6. Ne2 {Dit blijkt Nirav al vele jaren te
spelen.} ({Hij heeft me ook wel eens lastig gevallen, zeg maar van het bord
geveegd, met het relatief onbekende} 6. Bg5 Qb6 7. dxc5 Bxc5 8. Qd2 {en hier
ontstaat de waanzin na} Bxf2+ ({Ik speelde het minder riskante} 8... Nc6 9.
O-O-O Bb4 $6) 9. Qxf2 Qxb2 10. Kd2 Qxa1 11. Bb5 Qxh1 12. Qc5 Qxg2+ 13. Kc1 Nc6
14. Bxc6 Qxg5+ 15. Nxg5 bxc6 16. Qxc6 Rb8 17. Nxd5 exd5 18. e6 f6 19. Qd6 $1
Rb6 20. exd7+ Bxd7 21. Qxd5 {en waarschijnlijk staat wit iets beter.}) 6... Nc6
7. c3 cxd4 {De alternatieven zijn statistisch gezien wat beter. Wellicht een
idee voor een volgende keer.} ({Het meest gespeeld is} 7... Qb6 8. a3 Be7 9.
Nf4 cxd4 10. cxd4 g5 11. Nh5 g4 12. Ng5 Rg8 13. Nxh7 Qxd4 14. N7f6+ Bxf6 15.
Nxf6+ Nxf6 16. exf6 Qxf6 $17 17. Bb5 Bd7 18. Bxc6 Bxc6 19. O-O d4 20. Re1 O-O-O
21. Qd3 e5 22. Qg3 Rde8 23. Bd2 Qd6 24. Bb4 Qd5 25. Rac1 f6 26. Rc5 Qd7 27.
Rec1 Kb8 28. Bd2 Rc8 29. b4 b6 30. R5c4 Kb7 31. R4c2 Qe6 32. Re1 Qd5 33. Bc1
Bb5 34. Rxc8 Kxc8 35. Bd2 Kb7 36. Bh6 Bc6 37. Kh1 Re8 38. b5 Bxb5 39. Qxg4 Rg8
40. Qf3 Qxf3 41. gxf3 Bc6 42. h4 Rh8 43. Bd2 Rxh4+ 44. Kg2 Rg4+ {0-1 Afek -
Bauer, France 2003}) ({Ook interessant is} 7... b5 {Wat Nirav een keer tegen
zich gehad heeft.} 8. Nf4 Qb6 9. h4 (9. Be3 $5) 9... b4 10. a3 $6 (10. c4 $5)
10... bxc3 11. bxc3 cxd4 12. cxd4 Be7 13. Rh3 Rb8 14. Ra2 $6 Ba6 15. Bxa6 Qxa6
16. Bd2 Nb6 $17 17. Bc3 Nc4 18. Nd2 Nxd2 19. Kxd2 Qc4 20. Qa1 Nxe5 $19 {
Nirav staat verloren maar weet nog remise te maken.} 21. Ne2 Ng4 22. Ke1 O-O
23. Bd2 Rb3 24. Rxb3 Qxb3 25. Bg5 f6 26. Bd2 Rb8 27. Nc1 Qb5 28. Qc3 Bd6 29.
Rc2 Qa4 30. Qd3 Re8 31. Ne2 e5 32. dxe5 Nxe5 33. Qxd5+ Kh8 34. Rc3 Bxa3 35. f4
Ng6 36. h5 Nf8 37. h6 Qa6 38. hxg7+ Kxg7 39. Qh5 Re7 40. f5 Kh8 41. Re3 Bc5 42.
Rxe7 Qa1+ 43. Bc1 Bxe7 44. Qf7 Bc5 45. g4 h6 46. Kf1 Nh7 47. Qe8+ Bf8 48. Qc8
a5 49. Nf4 a4 50. Ng6+ Kg7 51. Qc7+ Kg8 52. Qc4+ Kg7 53. Qc7+ {1/2-1/2
Christophe-Galje,H/Netherlands 1991}) 8. cxd4 f6 {14'} 9. Nf4 Bb4+ ({In een
vluggertje tegen Nirav kwam ik een keer heel goed te staan na} 9... fxe5 10.
Nxe6 Qb6 {Hier zijn nauwelijks partijen mee. Misschien is het speelbaar, maar
ik vertrouw het niet helemaal.}) 10. Bd2 {2'} Qe7 {17'} 11. Bxb4 {16'} ({
Tijdens de partij maakte ik me meer zorgen over} 11. exf6 {maar het is niet
gevaarlijk na} Nxf6 ({Beter dan} 11... gxf6) 12. Bd3 Ne4 $1 $15) 11... Qxb4+
12. Qd2 Qxd2+ {Gedachtenloos gespeeld. Watson geeft in "Play the French III"
echter} (12... Ke7 $1 13. exf6+ gxf6 14. Qxb4+ ({Nirav mailde mij de volgende
partij van Rogulj en zei erbij dat hij het eindspel zo had moeten spelen. Ik
vind de witte overwinning echter verre van overtuigend.} 14. Rc1 Qxd2+ 15. Kxd2
Kd6 16. Bb5 Rf8 ({Kortschnoi speelde hier eens} 16... e5 17. Nh5 Rf8 18. Rhe1
e4 19. Bxc6 bxc6 20. Nh4 f5 21. Nf4 Rb8 22. b3 c5 23. dxc5+ Nxc5 $15 {Bannik -
Kortschnoj, Moscow 1957/URS-ch (41.1/2-1/2)}) 17. Nd3 e5 18. Bxc6 bxc6 19. Nh4
Nb6 20. b3 Bd7 21. Kc3 Rae8 22. Rhe1 Re7 23. Re3 Rg8 24. g3 Rge8 25. Rce1 Na8
26. a4 Nc7 27. Nc5 Bc8 28. b4 Na8 29. Nf3 Nb6 30. Nd2 Bg4 31. f3 Bc8 32. f4
exd4+ 33. Kxd4 Rxe3 34. Rxe3 Rxe3 35. Kxe3 a5 36. bxa5 Nc4+ 37. Nxc4+ Kxc5 38.
Nb6 Bb7 39. Nd7+ Kb4 40. Nxf6 Kc3 41. f5 d4+ 42. Kf4 c5 43. Ng4 {1-0 Rogulj,
B-Trumic,E/Pula 1998/EXT 2000}) 14... Nxb4 15. Kd2 Nb6 16. a3 Nc6 17. Bb5 Bd7 (
{Watson stelt hier als verbetering voor} 17... Na5 18. Rae1 Nac4+ 19. Kc1 Kf7
$11 {gevolgd door a6.}) 18. Bxc6 Bxc6 19. Rhe1 Bd7 20. b3 Kd6 21. Re3 Rae8 22.
Rae1 Re7 23. g4 Rg8 24. h3 a5 25. a4 Nc8 26. Nh5 Rf7 27. Nh4 Ne7 28. f4 Nc6 29.
Nf3 {Wit heeft mooi gemanoeuvreerd, maar de kansen bleven gelijk in Shirov -
Ivanchuk, Tilburg 1993 (68.1/2-1/2)}) 13. Kxd2 Ke7 {24'} 14. exf6+ {27'} gxf6
15. Re1 Nb6 16. Bd3 {Na afloop suggereerde ik dat Lb5 misschien beter was
geweest. Dat blijkt gespeeld door Anand. Een prachtige overwinning op Bareev.}
(16. Bb5 Bd7 17. Bxc6 bxc6 18. Re2 Rae8 19. Rhe1 Kf7 ({Misschien durfde Bareev
} 19... Kd6 {niet aan wegens} 20. Nh5 Ref8 21. Ng7 {maar het lijkt te kunnen na
} Nc4+ 22. Kc3 e5 23. b3 Rhg8 24. bxc4 Rxg7 25. c5+ Kc7 26. dxe5 fxe5 27. Nxe5
Rxg2 28. f3 $11) 20. Kc1 Nc4 21. Nd2 Nxd2 22. Kxd2 c5 {Lijkt goed, maar Anand
heeft dieper gerekend.} 23. dxc5 e5 24. Nxd5 $1 Bb5 25. Kc3 Bxe2 26. Rxe2 Rc8
27. Kc4 $16 Ke6 28. b4 Rhd8 29. Rd2 Rd7 30. f4 e4 31. Rd4 f5 32. g4 Rg7 33. Ne3
fxg4 34. Rd6+ Kf7 35. Nf5 e3 36. Nxg7 Re8 37. Nxe8 e2 38. Rf6+ {1-0 Anand,
V-Bareev,E/Shenyang 2000/CBM 079}) 16... Bd7 {Wit nog 52'; zwart 56'.} ({
Ik verwierp} 16... Kd6 {wegens} 17. Nh5 {Maar een st erke speler, bijv. Sakaev,
zou zien dat zwart enorme compensatie krijgt voor zijn pion.} Rf8 18. Bxh7 e5
19. Ng3 e4 20. Nh4 (20. Nxe4+ dxe4 21. Bxe4 Be6 $15) 20... Nxd4 ({Of is die
Sakaev toch niet zo sterk? Zwart wint toch na} 20... Rh8 $1 21. Nhf5+ Bxf5 22.
Nxf5+ Ke6 {of mis ik iets?}) 21. f3 Rh8 22. Nhf5+ Bxf5 23. Nxf5+ Ke5 24. Nxd4
Kxd4 (24... Rxh7 $5) 25. Bf5 Nc4+ 26. Ke2 Rag8 27. Rd1+ Ke5 28. g4 Rh3 29. fxe4
Re3+ 30. Kf2 dxe4 31. Rd7 Kf4 32. Re1 Rh8 33. Bh7 Ne5 34. Rxe3 Nxg4+ 35. Ke2
Nxe3 36. Rxb7 Nf5 37. Rxa7 Nd4+ 38. Kd1 Rd8 39. Rf7 f5 40. Kc1 e3 {0-1
Bezgodov - Sakaev, Moscow 1999}) 17. b3 ({Nirav suggereerde hier} 17. Bf5 $6 {
maar dan volgt} e5 $1 ({veel sterker dan} 17... Nd8 $11) 18. Bxd7 Kxd7 19. dxe5
fxe5 {en wit kan niet op e5 slaan wegens het schaakje op c4.}) 17... Kd6 18.
Nh5 {43'} Raf8 {50' en zwart staat klaar voor e6-e5, de zet waar dit hele
eindspel om draait.} 19. Bb5 {33'} Be8 $6 {42' Gek genoeg heb ik op dit moment
de zet e5 totaal niet overwogen. Ik zat me alleen maar af te vragen of ik mijn
paard zou laten slaan of dat ik het paard weg zou halen om mijn "slechte"
loper te ruilen.} (19... e5 {was echter heel goed mogelijk. Bijv.} 20. Bxc6 {
Misschien heeft wit hier wat anders.} bxc6 21. Nxf6 e4 $1 22. Nxd7 Nxd7 23. Nh4
Rxf2+ 24. Re2 Rxe2+ 25. Kxe2 c5 $15) 20. Bxc6 {26'} bxc6 21. Ng3 h5 {33'} (
21... Rhg8 $5) 22. Nh4 {18' Zwart moet nu voortdurend letten op wendingen met
Pf5+.} Rhg8 23. f3 Bf7 {29'} 24. Re2 Re8 $6 {Hier ben ik niet tevreden over.
De toren is niet nodig op e8. Die moet een keer naar de damevleugel om met
a7-a5 te werken. Beter was} (24... Nd7 {met goede kansen voor zwart.}) 25. Rc1
Nd7 26. Kd1 {14'} Rb8 {20'} (26... c5 $2 27. dxc5+ Nxc5 28. Ngf5+ exf5 29.
Nxf5+ Kc6 30. Rxe8 Rxe8 31. b4 $18 {[Nirav]}) 27. Rec2 {8'} ({Nirav had denk
ik toch moeten kiezen voor} 27. Ngf5+ exf5 28. Nxf5+ Kc7 29. Ne7 c5 ({Nirav
noemde na afloop} 29... Rbe8 {maar na} 30. Rxc6+ Kb7 31. Rd6 $1 {heeft zwart
niet beter dan} Kc7 {met remise.}) 30. Nxg8 Bxg8 31. dxc5 Kc6 $15) 27... Rb6
28. Nf1 {7'} Bg6 $6 {15'} (28... Rc8 $15) 29. Nxg6 {6'} Rxg6 {Het zal
inmiddels ongeveer gelijk staan, maar toch heb ik liever zwart omdat ik meer
mogelijkheden heb om actief te worden.} 30. Ne3 h4 {13' Volgens Arne
tijdverlies. Dat mag dan zo zijn, maar op h4 is de pion minder zwak dan op h5.}
31. Ke1 Rg8 {11'} 32. Kf2 Rc8 33. Rd2 {3' verhindert c5 of 5 wegens dx en de
truc Pc4+.} a5 {8'} 34. Re1 {2'} a4 {5'} 35. bxa4 Rb4 $6 ({Terecht geeft Arne
aan dat} 35... Ra8 {veel sterker was. Ik meende iets gezien te hebben met
verlies van e6 maar dat blijkt een hersenschim. Bijv.} 36. Rde2 Rxa4 37. Ng4
Nf8 38. Nxf6 Rxd4 $15) 36. a5 {1'} Ra4 $6 {4'} (36... Ra8) 37. Ng4 c5 {2'} 38.
Rde2 Nf8 $6 (38... Re8 39. dxc5+ Nxc5 $15 {Dreigt Pd3 zodat wit geen tijd
heeft om op f6 te slaan}) 39. dxc5+ Rxc5 40. Nxf6 Rcxa5 {Tijdnoodfase voorbij,
al deed Nirav er nog gauw eentje voor de zekerheid.} 41. Ne8+ $2 {Het
vraagteken is van Nirav, maar dat is te streng. Het blijft gelijkstaan ook al
waren er betere zetten. Volgens Nirav staat hij iets beter na} (41. Ra1 $14 {
maar dat lijkt me onzin na} e5 {Wit kan niets ondernemen.}) 41... Kd7 42. Nf6+
({Nirav geeft} 42. Ng7 Rxa2 43. f4 {zonder oordeel. Mijn oordeel is dat het
remise is.}) 42... Ke7 43. Ng4 Rxa2 44. Ne5 {11'} R5a4 {12'} 45. Rxa2 Rxa2+ 46.
Re2 Rxe2+ {Ik had geen zin om deze remisestelling uit te vluggeren zodat ik
remise aanbood.} 47. Kxe2 {Een wat mer kwaardige weigering van mijn aanbod.
Wit kan het makkelijker fout doen dan zwart volgens mij.} Kf6 48. Ng4+ {
remiseaanbod van wit} (48. f4 Ng6 49. Nxg6 Kxg6 50. Kf3 Kf5 51. g4+ hxg3 52.
hxg3 e5 $11 {[Nirav]}) 1/2-1/2

[Event "Euwe-Bloemendaal 5-3"]
[Site "?"]
[Date "2006.03.25"]
[Round "8"]
[White "Witt, Rob"]
[Black "Jongsma, Lex"]
[Result "1/2-1/2"]
[WhiteElo "2247"]
[BlackElo "2174"]
[Annotator "Witt"]
[PlyCount "83"]
[EventDate "2006.??.??"]

{Voorlaatste ronde knsb tegen Bloemendaal. Bij winst zouden we kampioen zijn.
Aangezien Bloemendaal ons moest verslaan om nog kans op het kampioenschap te
hebben, waren we extra gemotiveerd om het nu maar gelijk af te maken. Aan bord
4 trof ik Lex Jongsma, hoogleraar belastingrecht maar vooral bekend als
commentator bij het Corustoernooi en als schaakjounalist van de Telegraaf. In
de seizoenen 70/71 en 71/72 waren we nog teamgenoten bij Rotterdam. De kop
bestond toen uit Timman, Böhm, Jongsma, Witt en Van den Herik. Merkwaardig
genoeg hebben we nooit tegen elkaar gespeeld, afgezien van een rapidpartij die
ik verloor.} 1. Nf3 c5 ({In de voorbereiding op Jongsma had ik alleen een
kwartiertje gekeken naar de "Two Knights Tango"} 1... Nf6 2. c4 Nc6 3. d4 e6 ({
Jongsma zou dan echter afgeweken zijn met} 3... d6 4. Nc3 e5)) 2. c4 g6 {
Aha, dacht ik. Naar aanleiding van de nu al legendarische partij Nijenhuis-Van
der Hoeven had ik me onlangs uitgebreid verdiept in de Modern Defence.
Hopenlijk kon ik nu profijt trekken van die kennis.} 3. e4 Nf6 {3' Maar deze
ken ik niet, er blijken ook nauwelijks partijen mee te zijn. Lex vertelde me
achteraf dat hij dit ooit bedacht en uitgebreid geanalyseerd had.} 4. Nc3 {
6' Lex is een gevaarlijke speler als hij het initiatief heeft. Ik had me
voorgenomen om zo solide mogelijk te spelen en hem zo weinig mogelijktegenspel
te gunnen. Ik weet van vroeger dat hij zit te balen als hij niks kanondernemen
en dan vaak toch iets onderneemt dat niet door de beugel kan.} ({Lex liet me
achteraf wat varianten zien met} 4. e5 {Kritiek is} Ng4 5. d4 (5. h3 Nh6 {
vond hij niet gevaarlijk.}) 5... cxd4 6. Qxd4 d6 7. exd6 (7. e6 {is ook
interessant.}) 7... e5 8. Qc3) 4... Bg7 5. d4 O-O (5... cxd4 {nu of op e en
van de volgende zetten leidt tot de Maroczyvariant maar dat wilde Lex onder
geen beding spelen.}) 6. Be2 d6 {7'} 7. O-O {11'} Bg4 {17' Dwingt de d-pion
tot een verklaring omdat zwart Lxf3 dreigt en Pc6-d4.} 8. d5 Na6 {29'} ({
Niet aantrekkelijk is} 8... e6 9. dxe6 fxe6 (9... Bxe6 10. Bf4 Qb6 11. Qb3 $16)
10. Ng5 Bxe2 11. Nxe2 Qd7 12. e5 $14) 9. h3 {18' Ik wil mijn loper op de
diagonaal h2-b8 hebben om de opmars e4-e5 te ondersteunen.} Bd7 {32'} ({
Verrassend, ik heb ooit geleerd dat in de Benoni het paard op f3 belangrijker
is dan de zwarte loper. Lex weet dat natuurlijk ook, maar hij vond het witte
spel te gemakkelijk na het gebruikelijke} 9... Bxf3 10. Bxf3 Nc7 11. Bf4 Nd7
12. Qd2 $14) 10. Bf4 {25'} Nh5 {44'} 11. Bh2 Bxc3 $6 {Lex vond dit de
consequentie van zijn vorige zet, maar het kan niet goed zijn. Op de site van
Bloemendaal staat een verslag van deze wedstrijd waarin ik over mijn partij
lees: "Lex Jongsma probeerde het nog wel maar de remisemarge werd nooit
overschreden". Dat "proberen" moet dan op dit moment slaan. En de remisemarge
die nooit overschreden werd? Enfin, oordeelt u zelf.} ({Een beter idee lijkt me
} 11... Bh6) 12. bxc3 Qa5 {48'} 13. Qb3 $1 {39' Lex h ad deze en ook mijn
volgende zet niet verwacht. Hij dacht dat ik iets zou spelen met e5 en dan op
koningsaanval en hoopte dan tegenkansen op de damevleugel te krijgen. Maar
zoals eerder gezegd, mijn strategie was er in eerste instantie op gericht elk
tegenspel in de kiem te smoren en pas later e4-e5 voor te bereiden. Abe noemde
het de 70-zetten-strategie.} Nc7 {1.04'} 14. a4 f6 {1.10'} 15. Qc2 $1 {47' Een
listige zet die een verborgen dreiging inhoudt.} Rab8 $2 {1.16' Zwart heeft
niks in de gaten en gaat verder met zijn eigen plan Pc7-a8-b6 om pion a4 te
veroveren.} (15... Ng7) 16. Nd2 {50'} Ng7 {Laten slaan op h5 is ook geen feest.
} 17. Nb3 {55'} Qa6 18. Nxc5 $1 dxc5 19. Bxc7 Rbc8 20. Bh2 {1.04'; over 56'} e5
{1.24', over 36'.} 21. Rfb1 $2 {48' Eigenlijk wil ik de zet twee ?? geven, zo
stom vind ik het van mezelf. Natuurlijk had ik gezien dat ik na 21.f4 zo goed
als gewonnen sta. Maar ik dacht, dan speelt hij Dd6 en die dame staat nou net
zo lekker buitenspel. Dus wou ik het idee verfijnen met Tfb1. Als zwart dan
Pe8 speelt, dan is f4 nog sterker.} (21. f4 $1 $18) 21... g5 $1 {34' Totaal
gemist. Ik kon me wel voor mijn kop slaan, alles voor niets geweest. Zwart zet
zijn paard op d6 en hoe kom ik ooit verder? Tot mijn verbazing geeft Fritz me
hier nog +1.88 maar dat lijkt me zwaar overdreven.} 22. Qb3 {40'} Rc7 {32'} 23.
Bg4 {Ik hoopte met deze loperruil ten koste van een pion een gunstig eindspel
te bereiken. Ik zag geen ander plan en ook een kwartiertje stoeien met Fritz
levert geen betere inzichten op.} Bxg4 24. hxg4 Ne8 25. Qb5 {37'} Nd6 {28'} 26.
Qxa6 bxa6 27. f3 Nxc4 28. Kf2 {33' Dit eindspel had ik voor ogen. Wit staat op
het eerste gezicht beter maar het is niet voldoende voor de winst.} Rff7 $6 {
16'} ({Beter is} 28... Nd2 {Bijv.} 29. Rd1 Nb3 30. Rab1 c4 31. Ke2 Rb8 32. Bg1
Rcb7 {en wit heeft niks.}) 29. Ke2 Rb7 {11'} 30. Bg1 {30'} Rxb1 {10'} ({
Veiliger dan} 30... Na5 31. Bxc5 (31. Kd3 c4+ 32. Kc2 Nb3 33. Ra3) 31... Nb3
32. Ba3 Nxa1 33. Rxa1 Rfc7 34. Bb4 {en wit heeft serieuze winstkansen.}) 31.
Rxb1 Rc7 32. Rb8+ {28'} Kf7 33. Kd3 {26'} Nb6 {8'} 34. a5 Nc8 {6'} 35. Kc4 {
15' Ik keek nog even naar een kwaliteitsoffer, maar dat faalt op een
tussenschaakje.} (35. Rxc8 c4+) 35... Nd6+ 36. Kb3 Nc8 {3'} 37. c4 {10'} Kg6 $6
{2' Deze wat zorgeloos gespeelde zet zou wel eens verliezend kunnen zijn
wegens Lxc5. Zie de analyses bij zet 41.} 38. Bf2 h5 39. gxh5+ {9'} Kxh5 40.
g4+ Kg6 {Hier besloot ik een tijdje te pauzeren. Ik moet of tevreden zijn met
remise of een stuk offeren op c5 om verder te komen. Een inspectie van de
andere borden leerde mij dat remise voldoende was voor het kampioenschap.
Dankzij Juan (6-7!), Tigran en Alje hadden we een 3-0 voorsprong genomen.
Francis had een moeilijke stelling overleefd maar deed het op zet 40 fout (3-1)
. Gertjan had een verloren stelling in de tijdnoodfase omgetoverd in eeuwig
schaak (31/2-11/2) en Arne leek na een hele middag bikkelen ook niet meer
verloren te staan. Kortom, op advies van en kele teamgenoten besloot ik maar
om remise te nemen.} 41. Be3 {45' Als ik mijn loper wil offeren is nu het
juiste moment omdat de zwarte koning ver weg staat.} (41. Bxc5 $1 Rxc5 42. Kb4
{Dit zou een toren winnen als mij toren op de 7e rij zou staan, dacht ik nog.
Daarom besloot ik tot de tempozet 41.Le3 in de hoop dat de koning naar de 7e
rij zou gaan. Op h6 staat hij nog verder weg.} Rc7 43. c5 Kf7 (43... Ne7 44. d6
Nc6+ 45. Kc4 Rd7 46. Rc8 Nd4 47. Kd5 {met winst.}) 44. d6 Nxd6 45. cxd6 Rc1 {
Het is in de vooruitberekening lastig te zien (voor mij althans na 4 uur
spelen) wat nu de beste zet is. Dat blijkt te zijn} 46. Ra8 Ke6 47. d7 $1 (47.
Rxa7 Rc6 48. d7 Ke7 {lijkt remise.}) 47... Kxd7 (47... Rb1+ 48. Kc3 Kxd7 49.
Rxa7+ Ke8 50. Rxa6 $18) 48. Rxa7+ Ke8 49. Rxa6 {en dit eindspel lijkt gewonnen.
Kortom ik had hier mijn loper winnend moeten offeren.}) 41... Kf7 {57' Toch
naar de 2e rij en terecht. Mijn truc blijkt verliezend, zoals ik bijtijds zag.}
42. Kc3 {met remiseaanbod.} ({we dachten achteraf dat het loperoffer hier ook
winnend was, maar dat lijkt me nu toch niet het geval.} 42. Bxc5 Rxc5 43. Kb4 (
{De truc die niet werkt is} 43. Rb7+ Ke8 44. Kb4 $4 {en dit is geen torenwinst
wegens} Rxc4+ 45. Kxc4 Nd6+ {en wit kan vloekend opgeven.}) 43... Rc7 44. c5
Ke7 ({Verliezend is} 44... Ne7 45. d6 Nc6+ 46. Kc4 Rd7 47. Rc8 Ne7 (47... Nxa5+
48. Kd5 Nb7 49. Rc7 Nxc5 50. Rxc5 $18) 48. dxe7 Kxe7 49. Rc6 Rd4+ 50. Kc3 $18)
45. c6 {Lex en ik concludeerd en na afloop dat dit won, maar dat moeten we
verkeerd geanalyseerd hebben.} Nd6 46. Ra8 (46. Kc5 $2 Rc8 47. Rb1 Rh8 $19)
46... Nb5 47. Kc5 Nd6 48. Rh8 Nb7+ 49. Kb4 Nd6 {en wit komt niet verder Bij de
stand 41/2-21/2 (Arne had inderdaad remise gemaakt) was alleen Mark nog bezig.
Hij stond gewonnen, maar beide spelers gingen in tijdnood komen. In een
incidentrijke slotfase gebeurden de vreselijkste dingen en liet Mark het
helaas in remise verzanden (5-3). WE ZIJN KAMPIOEN!!}) 1/2-1/2